| 000 | 00000cam 2200000zi 4500 |
| 001 | 9.957946 |
| 003 | CaOODSP |
| 005 | 20260603141230 |
| 006 | m o d f |
| 007 | cr mn||||||||| |
| 008 | 251203t20252025oncd ob f000 0 eng d |
| 020 | |a9780660975573 |
| 040 | |aCaOODSP|beng|erda|cCaOODSP |
| 043 | |an-cn--- |
| 086 | 1 |aBT22-293/2025E-PDF |
| 245 | 00|aGovernment of Canada guideline on vulnerability management. |
| 264 | 1|aOttawa, Ontario : |bTreasury Board of Canada Secretariat = Secrétariat du Conseil du trésor du Canada, |c2025. |
| 264 | 4|c©2025 |
| 300 | |a1 online resource (43 pages) : |bgraph |
| 336 | |atext|btxt|2rdacontent |
| 337 | |acomputer|bc|2rdamedia |
| 338 | |aonline resource|bcr|2rdacarrier |
| 500 | |aIssued also in French under title: Lignes directrices sur la gestion des vulnérabilités du gouvernement du Canada. |
| 500 | |a"Published: 2025-11-17." |
| 504 | |aIncludes bibliographical references (page 41). |
| 650 | 0|aComputer security|xGovernment policy|zCanada. |
| 710 | 1 |aCanada. |bTreasury Board, |eissuing body. |
| 775 | 08|tLignes directrices sur la gestion des vulnérabilités du gouvernement du Canada.|w(CaOODSP)9.957947 |
| 856 | 40|qPDF|s1.12 MB|uhttps://publications.gc.ca/collections/collection_2026/sct-tbs/BT22-293-2025-eng.pdf |
| 856 | 4 |qHTML|sN/A|uhttps://www.canada.ca/en/government/system/digital-government/online-security-privacy/cyber-security-guidance-policy/guideline-vulnerability-management.html |